| 000 | 00720cam a22002291a 4500 | ||
|---|---|---|---|
| 001 | ca 35000348 | ||
| 003 | DLC | ||
| 005 | 20260227111137.0 | ||
| 007 | cr_||||||||||| | ||
| 008 | 880226s1921 nyu 000 0 eng | ||
| 010 | _aca 35000348 | ||
| 035 | _a(OCoLC)17541915 | ||
| 040 |
_aDLC _cKPT _dDLC |
||
| 042 | _apremarc | ||
| 050 | 0 | 0 |
_aPS3531.O24 _bL3 1921 |
| 100 | 1 |
_aPohl, Frederick Julius, _d1889-1991. |
|
| 245 | 1 | 0 |
_aLaugh and grow wise : _ba play in one act / _cby Frederick J. Pohl. |
| 260 |
_aBrooklyn, N.Y. : _bF. J. Pohl, _cc1921. |
||
| 300 |
_a20 p. ; _c21 cm. |
||
| 530 | _aAlso available in digital form on the Internet Archive Web site. | ||
| 856 | 4 | 1 | _uhttp://hdl.loc.gov/loc.gdc/scd0001.00183488363 |
| 999 |
_c17783 _d17783 |
||